Manual de teoría e investigación : inventario de madurez vocacional John O. Crites

El manual presenta los antecedentes teóricos y la investigación acumulada acerca de sus características psicométricas. Se justifica el por qué de su existencia y se revisan los resultados de diversos estudios efectuados con él.

Uloženo v:
Podrobná bibliografie
Médium: Kniha
Jazyk:Spanish
Vydáno: San José, Costa Rica : IIMEC, [198?]
Témata:
Tagy: Přidat tag
Žádné tagy, Buďte první, kdo vytvoří štítek k tomuto záznamu!

MARC

LEADER 00000nam a2200000Ia 4500
008 180829b198? c ||||| |||| 00| | spa d
999 |c 2068  |d 2068 
090 |a 13.02.01   |b 58 
245 1 0 |a Manual de teoría e investigación : inventario de madurez vocacional John O. Crites  
260 |a San José, Costa Rica :   |b IIMEC,   |c [198?] 
300 |a 108 páginas 
500 |a Traducido con la autorización e CTB/ McGraw - Hill 
520 |a El manual presenta los antecedentes teóricos y la investigación acumulada acerca de sus características psicométricas. Se justifica el por qué de su existencia y se revisan los resultados de diversos estudios efectuados con él.  
650 1 4 |a ORIENTACIÓN PROFESIONAL  |9 2186 
650 1 4 |a FORMACIÓN PROFESIONAL  |9 498 
650 1 4 |a PRUEBAS  |9 629 
650 1 4 |a DATOS ESTADÍSTICOS  |9 452 
650 1 4 |a INVENTARIOS  |9 4156 
650 1 4 |a EDUCACIÓN  |9 1 
650 1 4 |a PSICOLOGÍA  |9 657 
942 |i 00423   |h 13.02.01 58  |2 z  |c 04